000 nam a22 a 4500
999 _c183287
_d183287
003 BLK
005 20220527104538.0
008 180411b bul|||||r ||||||| ||bul||
010 _aKNG00192217000
040 _aBLK
041 _aBUL
_cBUL
080 _aБългарска литература
_b821.163.2
_x-1
_z821.163.2-1
100 1 _aГеров, Александър Цветков
_eпърви автор
_9365150
139 _aГеров, Александър Цветков
_bГ 41
245 1 0 _aЗлатни пантофки
_bСтихотве
_cАлександър Цветков Геров.
257 _aBGR
260 _aВарна
_bДърж. изд.
_c1966
300 _a40 с.
_c22 см
380 _aX
500 _a2 080 тир.
852 _aЦб 37243
_bЦб
856 4 _qpdf
856 4 _qpdf
942 _cKNG
_n0
_s1
944 _aCR
_c10.10.2016
_kКина_Георгиева
944 _aED
_c10.10.2016
_kКина_Георгиева